00922 2200181 4500001002100000005001500021035002000036245008000056100001600136250001700152300002800169260003900197082001000236084001600246020002200262650002100284520043500305INLIS00000000000002920240319071028 a0010-03240000291 aAkhlak Kepada Diri Sendiri :bThe Righteousness to Ourselves /cAli Muakhir0 aAli Muakhir acetakan ke-1 a32 hlm :bilus ;c18 cm aJakarta :bBumi Aksara Kids,c2009 a297.5 a297.5 ALI a a978-979-010-501-0 4aCerita Bergambar aDalam hidup, kalian harus saling menghormati dan menghargai. Semua itu ada tata caranya, yang diambil dari Quran dan hadis. Tata cara itulah yang disebut dengan akhlak atau etika. Kalian harus mengetahui bagaimana berakhlak pada Allah, Rasulullah, guru, orangtua, orang lain, dan pada diri sendiri. Dalam buku ini, akan dijelaskan bagaimana beretika kepada diri sendiri, dengan uraian yang jelas dan mudah dipahami oleh kalian.